Statistics for Famous TV Shows Fractured

Click here to take the quiz!

General Stats

  • This quiz has been taken 1,391 times
  • The average score is 13 of 18

Answer Stats

Fractured TitleAnswer% Correct
Hail skit chinHell's Kitchen
90%
Inns peck tore catch itInspector Gadget
90%
Dow in to nab beeDownton Abbey
88%
Par tea if I'veParty of Five
84%
Fair mill leaf you'dFamily Feud
81%
Caliph or Nick asianCalifornication
78%
Daze sieve owl hivesDays of our Lives
77%
Did ail leash oweThe Daily Show
77%
Duh eggs fie illsThe X-Files
75%
Oar inches Danube lackOrange is the New Black
72%
Door since cur ekeDawson's Creek
69%
Sack sand this it teaSex and the City
69%
We live four chewin'Wheel of Fortune
65%
Theme up pitch oweThe Muppet Show
59%
Fall tea tao whizzFawlty Towers
57%
How us sieve kartsHouse of Cards
56%
Zit why lie its ownThe Twilight Zone
48%
Fly dove duck encore idsFlight of the Conchords
43%

Score Distribution

Percentile by Number Answered

Percent of People with Each Score

Your Score History

You have not taken this quiz